000 00926nam0a22002891 4500
001 RU\NLR\BIBL_A\021981290
005 20251202160538.0
035 _a(NLR Aleph) 021981290
090 _a12399165
_c12399165
100 _a20230714f u y0rusy50 ca
101 0 _aheb
102 _aRU
105 _ay|||e|||000yy
200 1 _aספר מלים
_dHand Lexicon
_dСловарь
_eזרים-מלאכותיים
_eиностранно-талмудическій
210 _aווארשא
_dתר″מ
_eאלכסנדר גינז
210 _aВаршава
_d1880
_eА. Гинс
215 _a148 с.
510 1 _aСефер милим
541 1 _aСловарь
700 1 _aדוד בער נאטאנזאהן
_4220
790 1 _aNatanson
_bB.
_gBernard
_4220
790 1 _aНатанзонъ
_bБ.
_gБернард
_4220
852 _aNLR
_bОЛСАА-ивр
_j2-1136
942 _cBOOK
980 _aNB
980 1 _aHEBR